The rise of the farmstead-hamlet: a new rural settlement pattern? (Record no. 72523)

MARC details
000 -LEADER
fixed length control field 01613cam a2200301 4500
001 - CONTROL NUMBER
control field ABS66629
008 - FIXED-LENGTH DATA ELEMENTS--GENERAL INFORMATION
fixed length control field 030422n2003 000 0 eng u
035 ## - SYSTEM CONTROL NUMBER
System control number (Sirsi) u122049
100 ## - MAIN ENTRY--PERSONAL NAME
Personal name Cassidy, M.
245 #4 - TITLE STATEMENT
Title The rise of the farmstead-hamlet: a new rural settlement pattern?
260 ## - PUBLICATION, DISTRIBUTION, ETC.
Date of publication, distribution, etc. 2003
490 ## - SERIES STATEMENT
Series statement Town & Country Planning
Volume/sequential designation 72(2) February 2003, 55-57(3)
520 ## - SUMMARY, ETC.
Summary, etc. Presents the findings of research into changes of use from working farmsteads to permanent residential complexes in Lancashire. The research team from Liverpool John Moores University assessed local planning policies on rural building conversions and studied planning applications for farmstead conversions between 1997 and 2002. In addition, a questionnaire survey was sent to local authorities to discover the socio-economic profile of the residents occupying farmstead-hamlets and the farmstead-hamlets were measured against a range of sustainability indicators. The research revealed a high level of unsustainable planning approvals for farmstead-hamlets in Lancashire and concluded that a good practice guide on the location of farmstead-hamlets may address this problem. Table.
590 ## - LOCAL NOTE (RLIN)
Local note ABS
650 ## - SUBJECT ADDED ENTRY--TOPICAL TERM
Topical term or geographic name entry element FARMSTEAD HAMLETS
650 ## - SUBJECT ADDED ENTRY--TOPICAL TERM
Topical term or geographic name entry element CHANGE OF USE
650 ## - SUBJECT ADDED ENTRY--TOPICAL TERM
Topical term or geographic name entry element LANCASHIRE
650 ## - SUBJECT ADDED ENTRY--TOPICAL TERM
Topical term or geographic name entry element RURAL SETTLEMENTS
650 ## - SUBJECT ADDED ENTRY--TOPICAL TERM
Topical term or geographic name entry element RURAL PLANNING
650 ## - SUBJECT ADDED ENTRY--TOPICAL TERM
Topical term or geographic name entry element FARM BUILDINGS
650 ## - SUBJECT ADDED ENTRY--TOPICAL TERM
Topical term or geographic name entry element RURAL DIVERSIFICATION
690 ## - LOCAL SUBJECT ADDED ENTRY--TOPICAL TERM (OCLC, RLIN)
Topical term or geographic name as entry element ENVIRONMENTAL AND LAND CONSULTANCY-PLANNING AND DEVELOPMENT
700 ## - ADDED ENTRY--PERSONAL NAME
Personal name Darlington, J.
700 ## - ADDED ENTRY--PERSONAL NAME
Personal name Hodcroft, D.
700 ## - ADDED ENTRY--PERSONAL NAME
Personal name Lowe, H.
700 ## - ADDED ENTRY--PERSONAL NAME
Personal name Marno, D.
942 ## - ADDED ENTRY ELEMENTS (KOHA)
Suppress in OPAC 0
Holdings
Withdrawn status Lost status Source of classification or shelving scheme Damaged status Not for loan Home library Current library Shelving location Date acquired Total Checkouts Full call number Barcode Date last seen Copy number Price effective from Koha item type
    Dewey Decimal Classification     London London Journal article 22/04/2003   ABS66629 122049-1001 06/08/2019 1 06/08/2019 Journal article